World Bank Group (Record no. 120389)
[ view plain ]
| 000 -LEADER | |
|---|---|
| fixed length control field | 01125cam a2200217 4500 |
| 001 - CONTROL NUMBER | |
| control field | WS124798 |
| 008 - FIXED-LENGTH DATA ELEMENTS--GENERAL INFORMATION | |
| fixed length control field | 040109n2019 000 0 eng u |
| 035 ## - SYSTEM CONTROL NUMBER | |
| System control number | (Sirsi) u124798 |
| 110 ## - MAIN ENTRY--CORPORATE NAME | |
| Corporate author | World Bank |
| 9 (RLIN) | 3112 |
| 245 ## - TITLE STATEMENT | |
| Title | World Bank Group |
| 520 ## - ABSTRACT | |
| Abstract | With more than 189 member countries with offices based in 130 global locations the World Bank Group is a partnership of 5 institutions working for sustainable solutions to reduce poverty and build share prosperity in developing countries. These being International Bank for Reconstruction and Development, International Development Association, International Finance Corporation, Multilateral Investment Guarantee Agency and International Centre for Settlement of Investment Disputes. Contains statistical data and research across a wide range of sustainable themes. |
| 650 ## - KEYWORDS | |
| Keywords | Climate change |
| 650 ## - KEYWORDS | |
| Keywords | Energy efficiency |
| 650 ## - KEYWORDS | |
| Keywords | Wellbeing |
| 650 ## - KEYWORDS | |
| Keywords | Development |
| 650 ## - KEYWORDS | |
| Keywords | Economic indicators |
| 650 ## - KEYWORDS | |
| Keywords | Valuetheplanet |
| 690 ## - LOCAL SUBJECT ADDED ENTRY--TOPICAL TERM (OCLC, RLIN) | |
| Topical term or geographic name as entry element | INTERNATIONAL |
| 856 40 - ONLINE RESOURCE | |
| Uniform Resource Identifier | https://www.worldbank.org |
| Public note | View the website worldbank.org |
| 942 ## - ADDED ENTRY ELEMENTS (KOHA) | |
| Suppress in OPAC | Do not suppress in OPAC |
| Source of classification or shelving scheme | Dewey Decimal Classification |
| Withdrawn status | Lost status | Source of classification or shelving scheme | Damaged status | Koha normalized classification for sorting | Not for loan | Home library | Current library | Shelving location | Date acquired | Total Checkouts | Full call number | Barcode | Date last seen | Copy number | Price effective from | Koha item type |
|---|---|---|---|---|---|---|---|---|---|---|---|---|---|---|---|---|
| Dewey Decimal Classification | WEB_SITE | Virtual | Virtual | Online | 09/01/2004 | WEB SITE | 124798-1001 | 06/08/2019 | 1 | 06/08/2019 | Online material |